000 00349nam a22001457a 4500
003 OSt
005 20160727222405.0
008 160623b xxu||||| |||| 00| 0 eng d
040 _cTEST
100 _9808
_aRawat, D. S
245 _aAccounting Standards
260 _aNEW DELHI
_b Taxman Allied
_c2004
300 _aAccounting Standards
942 _2ddc
_cBK
999 _c646
_d646